[Event "Bayern-chI Bank Hofmann 6th"]
[Site "Bad Wiessee"]
[Date "2002.10.30"]
[Round "5"]
[White "Malakhov, Vladimir"]
[Black "Kindermann, Stefan"]
[Result "1-0"]
[WhiteElo "2670"]
[BlackElo "2519"]
[Annotator "Teske,H"]
[PlyCount "87"]
[EventDate "2002.10.26"]
[EventType "swiss"]
[EventRounds "9"]
[EventCountry "GER"]
[SourceTitle "EXT 2003"]
[Source "ChessBase"]
[SourceDate "2002.11.25"]
[SourceVersion "1"]
[SourceVersionDate "2002.11.25"]
[SourceQuality "1"]

1. c4 f5 2. Nc3 Nf6 3. g3 g6 4. Bg2 Bg7 5. d3 {Stefan Kindermann gilt nicht
erst seit Erscheinen seiner Chessgate-Videos als Experte des Leningrader
Systems der Holländischen Verteidigung. Deshalb verwundert es nicht, daß der
Elo-Favorit Vladimir Malakhov den Münchner Großmeister mit dem zurückhaltenden
Textzug zur sizilianischen Variante der Englischen Eröffnung (mit späterem
e7-e5) einlädt.} d6 6. Nf3 O-O 7. O-O Nc6 8. Rb1 a5 9. a3 {[#]} Nh5 $1 {
Ein unorthodoxer Zug. Schwarz verzichtet auf e7-e5, um dem Lg7 nicht die
Wirkung zu nehmen und bereitet die Aktivierung seines Lc8 mittels f5-f4 vor.}
10. Bd2 f4 11. Ng5 $5 {Weiß antwortet gleichermaßen originell. Der Springer
strebt auf das Feld e4. Sein Kollege auf c3 könnte nach e7-e5 auf d5 ein gutes
Plätzchen finden.} e6 12. Nge4 d5 $1 {Nun muß sich die weiße Reiterei nach
anderen Gestaden umsehen.} 13. cxd5 exd5 14. Nc5 $6 (14. Nxd5 $1 {führt zu
interessanten Materialverhältnissen. Da die schwarzen Figuren gut koordiniert
sind, sollte Schwarz über gute Kompensation verfügen.} Qxd5 $5 (14... f3 15.
Bxf3 Rxf3 16. Nxc7 Qxc7 17. exf3 Bh3) 15. Nf6+ Nxf6 16. Bxd5+ Nxd5 $44) 14...
Ne7 {Unser Redaktions-Fritz ist von der schwarzen Eröffnungsbehandlung
durchaus angetan. Tatäschlich sind alle schwarzen Figuren sehr aktiv postiert.
Lediglich der Bd5 könnte ein Sorgenkind werden.} 15. gxf4 {Weiß geht es jedoch
eher schlechter. Der Sc5 ist ungedeckt. B2-b4 führt zur Öffnung der a-Linie.
Danach stünde auch der zweite schwarze Turm besser als sein weißer Opponent.}
Qd6 $1 {Ein unangenehmer Zwischenzug.} 16. d4 Bxd4 17. Nd3 c6 $15 {Schwarz hat
die gesündere Bauernstellung. Malakhov spürt die Gefahr und sucht sofort
aktives Gegenspiel.} 18. e4 dxe4 $5 (18... Bxc3 $1 {ist vielleicht noch besser.
Aber Stefan kann sich nicht überwinden, sich von seinem starken Läufer zu
trennen.} 19. Bxc3 ({Der Zwischenzug} 19. e5 $2 {"verschlimmbessert" die weiße
Lage nur.} Qc7 20. Bxc3 Bf5 $19 21. e6 $140 d4) 19... dxe4 20. Bxe4 Bf5 $15 {
Nun ist die Stellung vergleichsweise übersichtlich: Schwarz hat aufgrund der
besseren Bauernstellung einen langandauernden Vorteil.}) 19. Nxe4 Qc7 20. Qb3+
Kh8 21. Ng5 {Zielstrebig vernebelt Weiß weiter die Position.} Nf5 (21... Bf5 $1
22. Ne6 Bxe6 23. Qxe6 Nf5 {hätte noch immer den schwarzen Vorteil abgesichert.}
) 22. Ne5 {Nun stehen die weißen Gäule schon bedrohlich nahe am schwarzen
König. Objektiv könnte die schwache weiße Bauernstellung gleich schwer wiegen.
Aber bei beschränkter Bedenkzeit ist die Wahrscheinlichkeit sehr hoch, daß
Schwarz der entscheidende Fehler unterläuft.} Kg7 23. Ngf3 {Weiß möchte
Alleinherrscher auf den schwarzen Feldern werden.} {[#]} Nf6 $2 {So langsam
entgleitet Schwarz die Stellung. Sicher sollte er den druck auf den Bf4 halten
und sofort c6-c5 spielen um ggf. Ta8-a6-f6 folgen zu lassen.} 24. Rfe1 c5 25.
Rbc1 {Das Blatt hat sich gewendet. Weiß hat den Gegner bereits deutlich in der
Entwicklung überflügelt.} Qd6 26. Nc4 Qd8 27. Nxd4 Nxd4 28. Qb6 $18 {Nun
erhält Weiß auch Materialvorteil. Der Kampf ist entschieden.} Bg4 29. Qxb7+ Kg8
30. Qxa8 Qxa8 31. Bxa8 Rxa8 32. Kg2 Bf3+ 33. Kf1 Bg4 34. Ne5 Bh3+ 35. Kg1 Re8
36. f3 Nb3 37. Rcd1 Nh5 38. Kf2 Rf8 39. Be3 Be6 40. Rd6 Ng7 41. Red1 Re8 42.
Rd8 Kf8 43. Nd7+ Bxd7 44. R1xd7 1-0

[Event "ISR-chT"]
[Site "Israel"]
[Date "1997.05.23"]
[Round "11"]
[White "Tsesarsky, Ilya"]
[Black "Mikhalevski, Victor"]
[Result "1/2-1/2"]
[WhiteElo "2390"]
[BlackElo "2535"]
[Annotator "Tsesarsky,I"]
[PlyCount "63"]
[EventDate "1997.??.??"]
[EventType "team"]
[EventRounds "11"]
[EventCountry "ISR"]
[SourceTitle "CBM 059"]
[Source "ChessBase"]
[SourceDate "1997.08.01"]
[SourceVersion "1"]
[SourceVersionDate "1997.08.01"]
[SourceQuality "1"]

1. Nf3 Nf6 2. c4 g6 3. Nc3 d5 4. cxd5 Nxd5 5. Qa4+ Bd7 6. Qc2 Nb6 7. e4 (7. d4
Bg7 8. e4 Bg4 9. Ne5 Bxe5 10. dxe5 Nc6 11. Bb5 Bd7 12. e6 fxe6 13. Bxc6 Bxc6
14. O-O Qd4 15. Rd1 Qf6 16. b3 O-O 17. Bb2 Qg5 18. Ne2 {1/2-1/2 Benko,P-Timman,
J/ 1973}) 7... Bg7 8. d4 Nc6 9. d5 $5 (9. Be3 $5 O-O (9... e5 10. dxe5 Nxe5 11.
Nxe5 Bxe5 12. f4 Bg7 13. Be2 O-O (13... Qh4+ 14. g3 Qe7 15. Bxb6 $18) 14. O-O
$14 (14. O-O-O $5)) 10. O-O-O Bg4 11. d5 Ne5 12. Be2 Nbc4 13. Bd4 $14) 9... Nb4
(9... Ne5 10. Nxe5 Bxe5 11. Bh6 $14) 10. Qb3 c5 $5 (10... a5 11. Be3 $14) 11.
a3 (11. Be3 $5 Rc8 12. a3 (12. Rc1 O-O 13. Nd2 (13. Bxc5 $6 Rxc5 14. Qxb4 Qc7
$132) 13... a5 14. Be2 e6 $1) 12... Na6 13. Bxa6 bxa6 14. O-O O-O 15. Rac1 Bg4
16. Nd2 c4 17. Qb4 f5 18. f3 Bh5 19. Qa5 $14) 11... Na6 12. Be3 O-O $5 (12...
Rc8 $14) 13. Bxa6 (13. Nd2 Rc8 14. Be2 Kh8 15. O-O f5 $1 $36) 13... bxa6 14.
Bxc5 Rb8 $1 15. Qc2 (15. Bxb6 Qxb6 16. Qxb6 Rxb6 17. Nd1 (17. O-O-O Rfb8 $17)
17... Bxb2 18. Nxb2 Rxb2 19. O-O Rc8 $15) (15. Bb4 a5 $1 16. Bxa5 Nc4 (16...
Na4 17. Qxa4 (17. Bxd8 Rxb3 18. Bxe7 Nxb2 19. Ne2 Re8 20. d6 Nd3+ 21. Kd2 Nxf2
$19) 17... Bxa4 18. Bxd8 Bxc3+ 19. bxc3 Rfxd8 20. Kd2 $16) 17. Bxd8 (17. Bb4
Qc8 (17... Nxb2 $2 18. Qxb2 a5 19. O-O Qc7 20. Rfc1 Rfc8 21. e5 axb4 22. Na2
bxa3 23. Qxa3 Qb7 24. Qxe7 Rxc1+ 25. Rxc1 Qxd5 26. Nb4 Qe6 27. Qxe6 Bxe6 $11)
18. Rc1 a5 19. Nd1 axb4 20. Rxc4 bxa3 21. Qa2 Qa6 22. bxa3 Ba4 23. Rb4 Bxd1 24.
Rxb8 Rxb8 25. Kxd1 Qd3+ $19) 17... Rxb3 18. Bxe7 Nxb2 19. Ne2 Re8 20. d6 Nd3+
21. Kd2 Nxf2 $19) (15. Qa2 Bxc3+ (15... Na4 16. Nxa4 Bxa4 17. Bd4 Bb3 18. Qb1
Qa5+ 19. Kf1 Bc4+ 20. Kg1 Bxd4 21. Nxd4 Qd2 22. Nc6 Rxb2 23. Nxe7+ Kg7 24. Qe1
Re8 25. d6 Qxd6 26. Qc3+ Qf6 27. Qxf6+ Kxf6 28. Nd5+ Bxd5 29. exd5 Ree2 30. Rf1
Ke5 $19) 16. bxc3 Na4 17. Be3 Nxc3 (17... Rb2 18. Qc4 Qa5 $17) 18. Qc2 Rc8 19.
Bh6 Re8 20. Ne5 e6 $1 21. Nxd7 exd5 $19) 15... Nc4 16. b4 (16. Ra2 Qc7 (16...
f5 17. b3) 17. Bd4 (17. b4 a5 18. Ne2 Bb5 19. Ned4 $16) 17... Bxd4 18. Nxd4 Qb6
$132 19. Nf3 Nxb2 $11) 16... a5 17. b5 $5 (17. Qb3 axb4 18. axb4 Nd6 19. Bxd6 (
19. O-O Bxc3 20. Bxd6 Rc8 21. Bc5 Bxa1 22. Rxa1 Ra8 23. Rxa7 Rxa7 24. Bxa7 Qa8
25. Bd4 $14) 19... exd6 20. Rxa7 (20. O-O Qb6 21. Rab1 a5 22. b5 Rfc8 23. Rfc1
Rxc3 24. Rxc3 a4 25. Qc2 Bxc3 26. Qxc3 Rc8 27. Qe3 Qxe3 28. fxe3 $14)) (17. O-O
Nxa3 18. Rxa3 axb4 19. Bxb4 Rxb4 20. Rxa7 Bxc3 21. Qxc3 Rxe4 $11) 17... Nd6 (
17... Qc8 18. Bd4 Bxb5 19. Nxb5 Rxb5 20. Bxg7 Kxg7 21. O-O $14) (17... Bxc3+
18. Qxc3 Bxb5 19. O-O $14) 18. Bd4 (18. Bxd6 exd6 19. a4 Rc8 20. Ra3 Qf6 $17)
18... Nxb5 19. Bxg7 Kxg7 20. Ne2 (20. Nxb5 Bxb5 21. Nd4 Qb6 $1 (21... a6 22. a4
Bd7 23. O-O Rb4 24. Qc3 Kg8 25. Nc6 Bxc6 26. dxc6 Qd4 27. Qxd4 Rxd4 28. Rfd1
Rxd1+ (28... Rxe4 29. Rac1 Rc8 30. c7 Kg7 31. f3 $18) 29. Rxd1 Rc8 30. Rc1 Kf8
31. f4 Ke8 32. Kf2 Kd8 33. Rd1+ Kc7 34. Rd7+ Kxc6 35. Rxe7 Rf8 36. Ke3 Kc5 37.
Rd7 $14) 22. Qc3 (22. Qb2 Qf6 $17) (22. Nxb5 Qxb5 $15) 22... Qf6 23. Nxb5 Rxb5
24. Qxf6+ Kxf6 $11) 20... Nd6 (20... Bg4 21. O-O (21. Nfd4 Nxd4 22. Nxd4 Qb6
23. Nc6 Qb2 24. Qxb2+ Rxb2 25. O-O (25. f3 Bd7 26. Nxe7 Rxg2 $15) 25... Re8 26.
Rfc1 $14) (21. Ne5 Bxe2 22. Qxe2 (22. Nc6 Qc7 23. Qxe2 Nd4 $1 24. Qc4 Nxc6 25.
dxc6 Rfc8 26. O-O Qxc6 $15)) 21... Bxf3 22. gxf3 f5 (22... e5 23. Rfb1 (23.
dxe6 fxe6 24. f4 Qh4 $15) 23... f5 24. Qd2 $132) 23. Nf4 $14) 21. O-O (21. e5
Bf5 22. Qa2 Nb5 $15) 21... Qc8 22. Qd3 (22. Qxc8 Rfxc8 23. e5 Nc4 24. Ned4 Nb6
25. e6 Be8 $15) 22... Qc4 23. Qxc4 Nxc4 24. Rfc1 Rfc8 25. Ned4 (25. Rc3 $11)
25... Nxa3 26. Rxc8 (26. Nc6 Bxc6 27. dxc6 Rb3 $15) 26... Rxc8 (26... Bxc8 27.
Nc6 Rb1+ 28. Rxb1 Nxb1 29. Nxe7 $14) 27. Ne5 $8 Nb5 $8 28. Ndc6 (28. Nb3 Be8
29. Nxa5 Rc2 30. Nac4 (30. f3 h5 31. Nac6 f6 32. Nb4 Rb2 33. Ned3 Rd2 $11)
30... f6 31. Ne3 $11) 28... Bxc6 29. Nxc6 e6 30. Rxa5 exd5 31. exd5 Nd4 32.
Rxa7 1/2-1/2

[Event "ISR-chT"]
[Site "Israel"]
[Date "2004.03.26"]
[Round "7"]
[White "Gerzhoy, Leonid"]
[Black "Tyomkin, Dimitri"]
[Result "0-1"]
[WhiteElo "2380"]
[BlackElo "2503"]
[Annotator "Tyomkin,D"]
[PlyCount "88"]
[EventDate "2004.01.03"]
[EventType "team"]
[EventRounds "11"]
[EventCountry "ISR"]
[SourceTitle "CBM 101"]
[Source "ChessBase"]
[SourceDate "2004.07.27"]
[SourceVersion "1"]
[SourceVersionDate "2004.07.27"]
[SourceQuality "1"]

{This game is from the Kfar Saba vs Ashdod match - one of most important
matches for the 2nd in this year's championship; in 2002 I lost the game to
Gerzhoy with black pieces in the same Anti-Grunfeld.} 1. Nf3 Nf6 2. c4 g6 3.
Nc3 d5 4. Qa4+ Bd7 5. Qb3 dxc4 6. Qxc4 a6 {Svidler's favourite variation
against Anti-Grunfeld.} 7. e4 b5 8. Qe2 c5 9. e5 Nh5 10. d3 $146 {Dubious
novelty (Leonid couldn't recall Gelfand's game simply), black intercepts the
initiative now.} (10. Ne4 Nc6 11. Nxc5 Bf5 12. d3 e6 13. Ne4 Bb4+ 14. Bd2 Nf4
15. Qe3 Nd5 {/~~,Gelfand,B-Svidler,P/Haifa act/2000/ (21) and black has nice
compensation (Gelfand,B-Svidler,P/Haifa act/2000)}) (10. Qe3 Bc6 11. Be2 Qb6
12. d4 cxd4 13. Nxd4 Bxg2 14. Rg1 Bb7 15. Bxh5 $16 {1-0 Korchnoi,V-Tseitlin,M/
Beer Sheva ISR 2004/The Week in Chess 494 (27)}) 10... Nc6 11. h3 {[%csl Yg4]
Preventing Bg4, while this was necessary to hurry up with the development.} (
11. Be3 Bf5 $1 {with the idea} 12. Bxc5 Nf4) 11... Ng7 $1 {[%cal Gg7f5,Gg7e6]
Right time to transfer black night to better outpost-f5 or e6.} 12. Bh6 (12.
Ne4 Ne6 13. Be3 Bg7 14. Nxc5 Nxe5 $15 {black is better here.}) 12... Ne6 13.
Bxf8 Kxf8 {[%cal Yf8g7] King will take g7 spot;} 14. Qe3 Ncd4 15. Rc1 (15. Qh6+
Kg8 16. Nxd4 Nxd4 17. Rc1 Bc6 {and the white queen is simply misplaced on h6.})
15... Bc6 16. Ng5 $2 {[%csl Re1,Rf1,Rh1][%cal Gc6g2] White forgets to develop,
also it opens the diagonal for Bc6.} (16. Be2 Kg7 17. O-O Rc8 $15) 16... Kg7
17. Nxe6+ Nxe6 18. Rg1 {[%cal Yg1g2,Yf1e2] Looks ugly, but can you suggest any
better?} Rc8 $2 {Missing the strongest:} (18... Qa5 19. Be2 b4 20. Ne4 Bxe4 21.
Qxe4 Qxa2 $19 {[%csl Rb2]}) 19. Be2 Qd4 20. Bg4 Nf4 $1 {[%cal Gf4d3] Otherwise
white is fine.} 21. Qxd4 (21. Bxc8 Nxd3+ 22. Ke2 Nxc1+ 23. Rxc1 Rxc8 24. Qxd4
cxd4 25. Ne4 (25. Nd5 e6 26. Nf6 Bf3+ $19 {[%csl Rc1]})) 21... cxd4 22. Bxc8
Nxd3+ (22... dxc3 23. Rxc3 Rxc8 24. Kd2 {and white survives here, while black
is probably better here too.}) 23. Kd2 Nxc1 24. Bg4 (24. Bxa6 dxc3+ 25. Kxc1
Ra8 {[%csl Ra6] and the Ba6 is trapped!}) 24... dxc3+ 25. Kxc1 cxb2+ 26. Kxb2
Rd8 $19 {[%csl Rg2][%cal Gd8d2] Black is up a pawn, also the Rg1 is stuck
there to guard g2 pawn, but some technique is reqiured to convert the
advantage to a win.} 27. Kc3 Rd5 {[%csl Re5][%cal Gd5c5] attacking white's
weaknesses, black activates the rook.} 28. f4 Rc5+ 29. Kb2 Be4 {[%csl Rg2]
[%cal Rc5c2] The Rc2 is coming.} 30. Bd1 Rd5 {[%cal Gd5d2] Intending Rd2.} 31.
Kc1 Rd3 {[%csl Rg2][%cal Rd3g3] Rg3 is a threat now.} 32. g3 Bd5 {[%csl Ra2,
Rg3] Not giving white any break!} 33. Bc2 Rf3 {Two weaknesses: g3 and a2.} ({
worse is} 33... Ra3 34. Bb1 Bxa2 $4 35. Kb2 {[%csl Ra2,Ra3]}) 34. Bb1 b4 $1 {
[%csl Ra2][%cal Rf3f2] Fixing the white pawn on a2; Black easily wins by
advancing the queenside pawns; Black wins it here even w/o the king.} 35. Kb2
Rf2+ 36. Ka1 a5 37. Rd1 e6 38. Rd4 Rf3 39. Rd3 Rf1 {[%cal Rf1a1,Rd5e4] Be4 or
Rxb1 then Be4 are threats now.} 40. Re3 a4 41. h4 a3 {Playing for zugwang -
Bb1 and Ka1 can't move now.} 42. Re2 h5 {Zugzwang is close...} 43. Re3 Bc4 {
Plain zugzwang! All white's moves lose!} 44. Re4 Rxb1+ {[%cal Rc4d3] and Bd3+
then.} 0-1

[Event "Montreal 6th"]
[Site "Montreal"]
[Date "2005.08.08"]
[Round "6"]
[White "Huzman, Alexander"]
[Black "Tyomkin, Dimitri"]
[Result "1/2-1/2"]
[WhiteElo "2577"]
[BlackElo "2467"]
[Annotator "Tyomkin,D"]
[PlyCount "84"]
[EventDate "2005.08.03"]
[EventType "tourn"]
[EventRounds "11"]
[EventCountry "CAN"]
[EventCategory "12"]
[SourceTitle "CBM 109"]
[Source "ChessBase"]
[SourceDate "2005.11.14"]
[SourceVersion "1"]
[SourceVersionDate "2005.11.14"]
[SourceQuality "1"]

1. c4 Nf6 2. Nc3 d5 3. cxd5 Nxd5 4. g3 g6 5. Bg2 Nxc3 6. bxc3 Bg7 7. Rb1 Nc6 {
Sutovsky's variation;} 8. h4 {Perhaps, the most annoying move for Black - a
smart opening preparation by GM Huzman.} h5 {A strategical blunder! 8...h6 is
better from strategical point of view not weakening any squares.} (8... h6 9.
Nf3 (9. c4 O-O 10. d3 e5 11. Nh3 Qd6 12. Qa4 Nd4 $15 {1/2-1/2 Bykhovsky,
A-Khmelniker,I/Givataim ISR 2005/The Week in Chess 542 (49)}) (9. d4 O-O 10. f4
$5 {[%cal Gh4h5]} h5 11. Nf3 Qd5 12. O-O Qxa2 13. Rb3 Qa4 14. Ne5 Nxe5 15. fxe5
Rd8 (15... c6 $142 16. Bg5 f6) 16. Bg5 Bxe5 17. Bxe7 Re8 18. Bg5 Bxg3 19. c4
$132 {1/2-1/2 Cvetkovic,S-Nikolic,Z/Vrnjacka Banja 1989/CBM 013 (27)}) 9... O-O
10. O-O b6 11. h5 gxh5 12. Rb5 Bg4 13. Nh2 Qd7 14. Nxg4 hxg4 15. Qa4 $44 {
0-1 Rasmussen,K-Mikhalevski,V/Saint Vincent 2000/CBM 078 (44)}) (8... Qd6 9.
Nf3 (9. h5 $5) 9... b6 10. Qa4 Bd7 11. Qc2 Rd8 12. d3 (12. h5 $142) 12... Qc5
13. Bb2 Be6 14. O-O O-O 15. Rfc1 h6 (15... Bxa2 16. Ra1 Be6 17. Ba3 Qf5 18. Ng5
$36) 16. a4 Bg4 17. Qb3 Ne5 $2 (17... Qd6 $142) 18. Ba3 $16 {1-0 Bischoff,
K-Sutovsky,E/Ohrid 2001/CBM 084 (93)}) 9. Nh3 {[%cal Gh3g5,Gh3f4] A very
logical move - White intends to exploit the weak spots created by h5;} (9. c4
O-O 10. d3 Nd4 (10... e5 $5) 11. e3 Nf5 12. Bb2 e5 13. Nf3 c6 14. O-O Qc7 15.
Qc2 $14 {1-0 Agdestein,S-Mikhalevski,V/Port Erin 2003/CBM 096 ext (39)}) 9...
Qd7 {intending b6 and Bb7 then;} (9... O-O 10. Ba3 Ne5 11. d3 c6 12. Ng5 Qc7
13. O-O $14 b6 14. Qb3 Ba6 15. c4 (15. Be4 $5 {[%cal Gf2f4,Re4g6]}) 15... Rab8
16. Bb2 $14 {1/2-1/2 Lobron,E-Mikhalevski,V/Internet 2001/EXT 2003 (49)}) 10.
Qa4 $1 {This move simply prevents the above mentioned plan of Black;} Nd8 11.
Qxd7+ {One more strategical blunder in this game. In post factum analysis
Alexander was critisizing himself for this decision, as well as for his 13th
move... The ending is definitely better for Black, while Black would suffer
much more in the middlegame!} (11. Qa3 O-O 12. O-O $14 e5 13. Ng5 {[%cal Gd2d3,
Gg5e4] and Black can hardly move here;}) 11... Bxd7 12. Nf4 c6 13. Ba3 {
13.a4 would tie Black's pieces to the weak pawns on the queenside, while in
the game Black manages to release the pieces;} (13. a4 $1 O-O (13... b6 14. a5
b5 15. Nd3 {[%cal Gd3c5]}) 14. a5 $14) 13... b6 14. O-O Rc8 15. d4 Ne6 16. Nd3
Nc7 {[%cal Gc7b5,Gb5d6]} 17. Rfc1 Nb5 18. Bb4 {A tricky move which sets a
strategical trap!} (18. Bb2 Be6 $1 {[%csl Gc4][%cal Gb5d6]}) 18... Nd6 $1 {
This knight does all the job for Black!} (18... a5 19. a4 axb4 20. axb5 bxc3
21. bxc6 Bxc6 22. Rxc3 Kd7 23. Bh3+ {with a better ending, but Black can
survive here too;}) 19. c4 {GM Huzman sacrifices a pawn playing hard for a
win! In the other cases White is not better at all;} Bxd4 20. c5 Nf5 21. cxb6 (
21. e3 Nxe3 22. fxe3 Bxe3+ 23. Kf1 Bxc1 24. Rxc1 f6 $17) 21... axb6 22. Kf1 O-O
(22... f6 23. Bc3 b5 24. Bxd4 Nxd4 25. Nc5 $44) 23. e3 $2 {It was not too late
to force a draw by 23.Bc3 move.} (23. Bc3 $1 Bxc3 24. Rxc3 b5 25. Nc5 (25. Ne5
Rfd8 $11) 25... Rfd8 26. Nb7 (26. Nxd7 Rxd7 27. Rxc6 Rcd8 28. e3 Nd6 $11) 26...
Rf8 27. Nc5 $11) 23... Bxe3 $1 {Now White is in trouble;} 24. fxe3 Nxe3+ 25.
Kf2 Nxg2 (25... Ng4+ $6 26. Ke2 Bf5 27. Rb2 {[%cal Gd3f2]}) 26. Ne5 (26. Kxg2
Bf5 27. Rb3 c5 28. Nxc5 bxc5 $17) 26... Bf5 27. Rb3 {Black has three extra
pawns but the Ng2 has no way back...} c5 (27... Be4 $6 28. Nd7 $132) 28. Ba3
Be4 29. Rxb6 Rfd8 30. Rb2 Rd5 (30... f6 31. Nxg6 $1) 31. Nc4 Rcd8 $2 {This
"logical" move blows all the advantage! This is necessary to tie White's rooks
to his tactical weaknesses on the a-file, and then Black can release his lost
knight;} (31... Ra8 $1 32. Rc3 Rf5+ 33. Kg1 Ne1 $1 $19 {No white rook on the
first rank anymore! Black is two pawns up and has excellent winning chances
here, for example:} 34. Nd2 Bc6 35. Bxc5 Rxc5 $1 36. Rxc5 Nd3 37. Rxc6 Nxb2 $19
) 32. Re2 Rf5+ (32... Bd3 33. Rxe7 Bxc4 34. Rxc4 Rd2+ 35. Re2 Rxe2+ 36. Kxe2
Re8+ 37. Kd2 Ne3 38. Rc3 Nf1+ 39. Kd1 $13 {and this ending is double-edged;})
33. Kg1 Bf3 34. Rxe7 g5 35. Re5 $1 {the simpliest way for a draw;} (35. hxg5 $6
Rxg5 $15) 35... Rd5 36. Rxf5 Rxf5 37. Nd2 Bd5 38. hxg5 Rxg5 39. Kf2 h4 40. gxh4
Nxh4 41. Bxc5 Rg2+ 42. Ke1 (42. Ke3 Nf5+ 43. Kf4 $11) 42... Bxa2 {There is no
way for Black to win here so I just gave a respect to my ex-coach offering him
a draw.} 1/2-1/2